000 00475nam a2200181Ia 4500
005 20250326124821.0
008 250326s9999 xx 000 0 und d
037 _aTextbook
040 _aFMSL
_beng
_cFMSL
041 _aeng
_2eng
084 _aX:8D K82
_qFMSL
100 _aHunt P
245 0 _aFicial management
_cHunt P; Andrews V L
260 _aUSA
_bUSA, Richard D Irwin
_c1968
300 _a936p
942 _cTB
_hX:8D K82
999 _c1275349
_d1275349